NLSUI OPAC header image

Rights, deprivation and disparity (Record no. 24029)

MARC details
000 -LEADER
fixed length control field 02696nam a2200241Ia 4500
003 - CONTROL NUMBER IDENTIFIER
control field OSt
005 - DATE AND TIME OF LATEST TRANSACTION
control field 20210818151554.0
008 - FIXED-LENGTH DATA ELEMENTS--GENERAL INFORMATION
fixed length control field 160316s2006 xxu||||| |||| 00| 0 eng d
020 ## - INTERNATIONAL STANDARD BOOK NUMBER
International Standard Book Number 9780195676433
020 ## - INTERNATIONAL STANDARD BOOK NUMBER
International Standard Book Number 0195676432
040 ## - CATALOGING SOURCE
Transcribing agency nls
082 ## - DEWEY DECIMAL CLASSIFICATION NUMBER
Classification number 338.900000
Item number SUB
100 ## - MAIN ENTRY--PERSONAL NAME
Personal name Subramanian S
245 ## - TITLE STATEMENT
Title Rights, deprivation and disparity
260 ## - PUBLICATION, DISTRIBUTION, ETC.
Place of publication, distribution, etc. New Delhi
Name of publisher, distributor, etc. Oxford University Press
Date of publication, distribution, etc. 2006
300 ## - PHYSICAL DESCRIPTION
Extent 298p
Dimensions xiii
365 ## - TRADE PRICE
Price amount Rs. 625
504 ## - BIBLIOGRAPHY, ETC. NOTE
Bibliography, etc. note Welfare economics, social choice theory, distributional analysis, and poverty assessments are all important ingredients in pondering problems in concepts and measurement. This book is a collection of papers, written over the last twenty years or so, that deal with issues of social choice, rights, poverty, and inequality.
505 ## - FORMATTED CONTENTS NOTE
Formatted contents note Contents:<br/>Table of Figures;<br/>Abbreviations;<br/>Introduction:<br/>1. Basic needs, positive freedom, and the possibility of rights-respecting social choice --<br/>2. The impossibility of a non-discriminating liberal : a liberty paradox without the pareto principle --<br/>3. The liberal paradox with fuzzy preferences --<br/>4. Preference motivations and libertarian dilemmas --<br/>5. A paretian liberal dilemma without collective rationality --<br/>6. On trading personal liberty --<br/>7. On a simple transfer-sensitive index of inequality --<br/>8. An elementary interpretation of the Gini inequality index --<br/>9. A re-scaled version of the Foster-Greer-Thorbecke poverty indices based on all association with the minkowski distance function --<br/>10. Unravelling a conceptual muddle : India's poverty statistics in the light of basic demand theory --<br/>11. On measuring deprivation adjusted for group disparities / Manabi Majumdar --<br/>12. Aspects of global deprivation and disparity : a child's guide to some simple-minded arithmetic --<br/>13. Poverty measures and anti-poverty policy with an egalitarian constraint --<br/>14. Some simple analytics of poverty redress through direct income transfers and wage employment programmes : a review and commentary --<br/>15. Measuring literacy : some extensions of the Basu-Foster framework --<br/>16. A model of 'triadic' power relations in the inter-linkage of agrarian markets --<br/>17. Poverty minimization in the light of 'life-boat ethics' --<br/>18. Poverty measurement and theories of beneficence --<br/>19. Counting the poor : an elementary difficulty in the measurement of poverty --<br/>20. Fractions versus whole numbers : on headcount comparisons of poverty across variable populations --<br/>Bibliography.
650 ## - SUBJECT ADDED ENTRY--TOPICAL TERM
Topical term or geographic name entry element 1. Poverty Alleviation Thoery2. Poverty Measures3. Anti-Poverty Policies4. Economic Development5. Social Evaluation
700 ## - ADDED ENTRY--PERSONAL NAME
Personal name
--
942 ## - ADDED ENTRY ELEMENTS (KOHA)
Source of classification or shelving scheme Dewey Decimal Classification
Koha item type BOOKs
Holdings
Withdrawn status Lost status Damaged status Not for loan Home library Current library Shelving location Date acquired Cost, normal purchase price Total Checkouts Full call number Barcode Date last seen Price effective from Koha item type
        . . NAB Compactor 30.05.2017 625.00   338.9 SUB 21837 30.05.2017 30.05.2017 BOOKs